000 00671nam a2200241Ia 4500
003 OSt
005 20220928103349.0
006 a|||||r|||| 00| 0
007 ta
008 220927b |||||||| |||| 00| 0 eng d
024 _a26252
037 _cTextual
040 _aSDCL
_cSDCL
_beng
041 _2eng
_aeng
082 _aX9W:8.3'N8, M9
100 _aTaylor Ian Ed.
_9403753
245 0 _aIntroduction to public sector management
260 _aLondon
_bUnwin Hyman
_c1989
300 _a212p
_ccm.
700 _a Popham George Ed.
_9403754
942 _hX9W:8.3'N8, M9
_cTEXL
_2CC
999 _c719522
_d719522